[Event "Vilnius Zavanelli Memorial op-B"]
[Site "Vilnius"]
[Date "2018.10.27"]
[Round "5"]
[White "Paulauskas, Andrius"]
[Black "Ketlerius, Arijus"]
[Result "1/2-1/2"]
[WhiteElo "1893"]
[BlackElo "1823"]
[PlyCount "42"]
[EventDate "2018.10.25"]
[EventType "swiss"]
[EventRounds "7"]
[EventCountry "LTU"]
[SourceTitle "EXT 2021"]
[Source "ChessBase"]
[SourceDate "2020.10.23"]
[SourceVersion "1"]
[SourceVersionDate "2020.10.23"]
[SourceQuality "1"]

1. d4 Nf6 2. Nf3 c5 3. c3 e6 4. Bf4 b6 5. Nbd2 Bb7 6. e3 Be7 7. Be2 0-0 8. h3 d6 9. 0-0 Nbd7 10. Bh2 Qc7 11. Rc1 Rac8 12. b4 cxb4 13. cxb4 Qxc1 14. Qxc1 Rxc1 15. Rxc1 Rc8 16. Rxc8+ Bxc8 17. a3 d5 18. Bd3 a5 19. bxa5 bxa5 20. Bc7 Bxa3 21. Bxa5 Bd6 1/2-1/2

[Event "Vilnius Zavanelli Memorial op-B"]
[Site "Vilnius"]
[Date "2018.10.26"]
[Round "2"]
[White "Paulauskas, Andrius"]
[Black "Dailidenas, Justas"]
[Result "1-0"]
[WhiteElo "1893"]
[BlackElo "1584"]
[PlyCount "75"]
[EventDate "2018.10.25"]
[EventType "swiss"]
[EventRounds "7"]
[EventCountry "LTU"]
[SourceTitle "CBM 187 Extra"]
[Source "ChessBase"]
[SourceDate "2018.11.04"]
[SourceVersion "1"]
[SourceVersionDate "2018.11.04"]
[SourceQuality "1"]

1. b3 Nf6 2. Bb2 e6 3. g3 d5 4. Bg2 c5 5. e3 Nc6 6. Ne2 Be7 7. 0-0 0-0 8. d4 Nd7 9. Nd2 Bf6 10. f4 cxd4 11. exd4 g6 12. Nf3 b6 13. Ne5 Ne7 14. c4 Bb7 15. Rc1 Rc8 16. Qd2 Bg7 17. b4 Bh6 18. Ng4 Bg7 19. c5 b5 20. a4 Bc6 21. Nc3 a6 22. axb5 axb5 23. Ne5 Nxe5 24. fxe5 Qd7 25. Ra1 Ra8 26. Qf2 Rxa1 27. Rxa1 Ra8 28. Rxa8+ Bxa8 29. Bf1 Bc6 30. Qe2 Bh6 31. Nxb5 Bxb5 32. Qxb5 Qxb5 33. Bxb5 Bd2 34. c6 Bxb4 35. c7 Ba5 36. Ba3 Nc8 37. Bd7 Bxc7 38. Bxc8 1-0

[Event "Kaunas Amateur-ch"]
[Site "Kaunas"]
[Date "2018.08.25"]
[Round "6"]
[White "Makulavicius, Danielius"]
[Black "Paulauskas, Andrius"]
[Result "1/2-1/2"]
[WhiteElo "1518"]
[BlackElo "1850"]
[PlyCount "89"]
[EventDate "2018.08.18"]
[EventType "swiss"]
[EventRounds "8"]
[EventCountry "LTU"]
[SourceTitle "CBM 186 Extra"]
[Source "ChessBase"]
[SourceDate "2018.08.24"]
[SourceVersion "1"]
[SourceVersionDate "2018.08.24"]
[SourceQuality "1"]

1. d4 d5 2. c4 c6 3. cxd5 cxd5 4. Nc3 Nf6 5. Nf3 e6 6. Bg5 Nc6 7. e3 Bb4 8. a3 Bxc3+ 9. bxc3 Qa5 10. Bxf6 Qxc3+ 11. Nd2 gxf6 12. Qc1 Qxc1+ 13. Rxc1 Bd7 14. Bb5 Ke7 15. 0-0 Rhc8 16. Nb3 a6 17. Bd3 b6 18. e4 dxe4 19. Bxe4 f5 20. Bf3 Rab8 21. g3 a5 22. Bxc6 Bxc6 23. f4 Bd5 24. Nd2 b5 25. Kf2 b4 26. axb4 axb4 27. Rxc8 Rxc8 28. Rb1 Rc4 29. Nxc4 Bxc4 30. Rxb4 Bd5 31. Ke3 Kf6 32. h4 Kg6 33. Rb8 Kg7 34. Rd8 Be4 35. g4 Bc2 36. d5 exd5 37. gxf5 Bxf5 38. Rxd5 Kf6 39. Kd4 Be6 40. Rg5 Bf5 41. Kc5 h6 42. Rg8 Bg6 43. Kd4 Kf5 44. Ke3 Kg4 45. Rg7 1/2-1/2